[Event "Frome op 32nd"]
[Site "Frome"]
[Date "2023.05.13"]
[Round "2"]
[White "Walker, Max"]
[Black "Ogunshola, Ben"]
[Result "1/2-1/2"]
[WhiteElo "1852"]
[BlackElo "2127"]
[PlyCount "72"]
[EventDate "2023.05.12"]
[EventType "swiss"]
[EventRounds "5"]
[EventCountry "ENG"]
[SourceTitle "EXT 2024"]
[Source "ChessBase"]
[SourceDate "2023.10.10"]
[SourceVersion "1"]
[SourceVersionDate "2023.10.10"]
[SourceQuality "1"]

1. e4 d6 2. d4 Nf6 3. Nc3 g6 4. f4 Bg7 5. Nf3 0-0 6. Bd3 Na6 7. 0-0 c5 8. d5 Bg4 9. Bc4 Nc7 10. h3 Bxf3 11. Qxf3 Rb8 12. a4 a6 13. a5 b5 14. axb6 Rxb6 15. Qd3 Qb8 16. Na4 Rb7 17. e5 Nd7 18. exd6 exd6 19. Bxa6 Nxa6 20. Qxa6 Ra7 21. Qc4 Qb4 22. Qxb4 cxb4 23. Be3 Ra6 24. Ra2 Re8 25. Kf2 Nf6 26. Rd1 Rc8 27. b3 Ra5 28. Rd4 Nxd5 29. Rxd5 Rxd5 30. Nb6 Rdc5 31. Nxc8 Rxc8 32. Ke2 d5 33. Bd2 Bc3 34. Ra5 Re8+ 35. Kd3 Bxd2 36. Kxd2 Re4 1/2-1/2

[Event "Gibraltar U16 op"]
[Site "Caleta"]
[Date "2019.08.16"]
[Round "1"]
[White "Garrido Outon, Alex"]
[Black "Walker, Max"]
[Result "1-0"]
[WhiteElo "2231"]
[BlackElo "1667"]
[PlyCount "103"]
[EventDate "2019.08.16"]
[EventType "swiss"]
[EventRounds "6"]
[EventCountry "GGB"]
[SourceTitle "CBM 195 Extra"]
[Source "ChessBase"]
[SourceDate "2020.05.31"]
[SourceVersion "1"]
[SourceVersionDate "2020.05.31"]
[SourceQuality "1"]

1. e4 d6 2. d4 Nf6 3. Nc3 g6 4. f4 Bg7 5. Nf3 c6 6. Bd3 0-0 7. 0-0 Nbd7 8. e5 dxe5 9. fxe5 Nd5 10. a3 Nxc3 11. bxc3 b6 12. a4 e6 13. Qe1 a5 14. Bg5 Qe8 15. Qh4 f6 16. exf6 Nxf6 17. Ne5 Nd5 18. Rxf8+ Bxf8 19. Rf1 Ra7 20. c4 Nb4 21. Be4 Bg7 22. Bf6 Bxf6 23. Rxf6 Rg7 24. c3 Na6 25. Qf2 Bd7 26. Ng4 Re7 27. Rxg6+ hxg6 28. Nf6+ Kg7 29. Nxe8+ Bxe8 30. Qg3 e5 31. dxe5 Nc5 32. Bc2 Bf7 33. Qg5 Re6 34. h4 Nd7 35. h5 Nxe5 36. c5 bxc5 37. hxg6 Bxg6 38. Bxg6 Nf3+ 39. gxf3 Rxg6 40. Qxg6+ Kxg6 41. Kf2 Kf5 42. Ke3 Ke5 43. c4 Kf5 44. f4 Kf6 45. Ke4 Ke6 46. f5+ Kd6 47. Kf4 Kd7 48. Ke5 Ke7 49. f6+ Kf7 50. Kf5 Kg8 51. Ke6 Kf8 52. f7 1-0